| Tag |
First Indicator |
Second Indicator |
Subfields |
| LEADER |
00000cam a2200000Ia 4500 |
| 001 |
in00001528310 |
| 005 |
20151022050742.0 |
| 008 |
000407s1951 gw c 000 0 ger c |
| 010 |
|
|
|a a 51007292
|
| 035 |
|
|
|a (OCoLC)11584657
|
| 040 |
|
|
|a New York. Public Libr.
|c CDS
|d TXA
|d UtOrBLW
|
| 049 |
|
|
|a TXAM
|
| 050 |
0 |
0 |
|a DD247.M6
|b A414
|
| 090 |
|
|
|a DD247.M6
|b A414 1951
|
| 100 |
1 |
|
|a Moltke, Helmuth James,
|c Graf von,
|d 1907-1945.
|
| 245 |
1 |
0 |
|a Letzte Briefe aus dem Gefängnis Tegel /
|c Helmuth J. Graf von Moltke.
|
| 264 |
|
1 |
|a Berlin :
|b K.H. Henssel,
|c 1951.
|
| 300 |
|
|
|a 68 pages :
|b portrait ;
|c 20 cm.
|
| 336 |
|
|
|a text
|b txt
|2 rdacontent
|
| 337 |
|
|
|a unmediated
|b n
|2 rdamedia
|
| 338 |
|
|
|a volume
|b nc
|2 rdacarrier
|
| 600 |
1 |
0 |
|a Moltke, Helmuth James,
|c Graf von,
|d 1907-1945.
|
| 994 |
|
|
|a E0
|b TXA
|
| 948 |
|
|
|a cataloged
|b h
|c 2000/4/7
|d c
|e mzajicek
|f 9:50:42 am
|
| 999 |
|
|
|a MARS
|
| 999 |
f |
f |
|s 5c9d0ef3-05dd-3af5-888b-e5d28aad3354
|i 6e6361d0-d29b-3c0d-936e-fbd60efaa9d5
|t 0
|
| 952 |
f |
f |
|p noncirc
|a Texas A&M University
|b College Station
|c Cushing Memorial Library & Archives
|d Cushing: Ragan Military (Does not check out)
|t 0
|e DD247.M6 A414 1951
|h Library of Congress classification
|i unmediated -- volume
|
| 998 |
f |
f |
|a DD247.M6 A414 1951
|t 0
|l Cushing: Ragan Military (Does not check out)
|